000 00787nam a2200265 a 4500
001 67869
003 BD-RjUL
005 20211209081713.0
008 170329s1975 enka b 001 0 eng d
020 _a0521205018.
020 _a0521099110 (pbk.)
035 _a(BD-RjUL)68078
040 _dCStRLIN
_aBD-RjUL
_beng
_cBD-RjUL
041 _aeng
082 _a597.0524
_223
_bCUM 1975
100 1 _aCushing, D. H.
_9201196
245 1 0 _aMarine ecology and fisheries /
_cD.H. Cushing.
260 0 _aCambridge :
_bCambridge University Press,
_c1975.
300 _axiv, 278 p. :
_bill. ;
_c23 cm.
504 _aIncludes index and Bibliography: p. 247-271.
650 0 _aFish populations.
_9201197
650 0 _aMarine ecology.
_9201198
650 0 _aFisheries.
_9201199
942 _2ddc
_cBK
999 _c67869
_d67869